Podnikatelské formy v současných podmínkách zemědělského trhu
Spoločnosť s ručením obmedzeným. Akciová spoločnosť. Družstvo - družstvo vlastníkov. Súkromný poľnohospodár - podnikateľ. Charakteristika jednotlivých podnikateľských foriem.
Salvato in:
| Autore principale: | |
|---|---|
| Altri autori: | |
| Natura: | Capitolo di libro |
| Lingua: | ceco |
| Soggetti: | |
| Tags: |
Nessun Tag, puoi essere il primo ad aggiungerne!!
|
MARC
| LEADER | 00000naa a2200000 4500 | ||
|---|---|---|---|
| 001 | r023947 | ||
| 005 | 20221213090036.1 | ||
| 041 | 0 | |a cze | |
| 044 | |a SK | ||
| 245 | 1 | 0 | |a Podnikatelské formy v současných podmínkách zemědělského trhu |c E. Svoboda, M. Kraus |
| 520 | |a Spoločnosť s ručením obmedzeným. Akciová spoločnosť. Družstvo - družstvo vlastníkov. Súkromný poľnohospodár - podnikateľ. Charakteristika jednotlivých podnikateľských foriem. | ||
| 610 | 2 | 0 | |a poľnohospodárstvo |
| 610 | 2 | 0 | |a formy podnikov |
| 610 | 2 | 0 | |a spoločnosti s r.o. |
| 610 | 2 | 0 | |a spoločnosti akciové |
| 610 | 2 | 0 | |a družstvá |
| 610 | 2 | 0 | |a podnikanie súkromné |
| 100 | 1 | |a Svoboda, E. | |
| 700 | 1 | |a Kraus, M. | |